Vainqueurs du championnat de Guyane de football - Statistiques

Statistiques générales
  • Ce quiz a été pris 4 fois
  • Le résultat moyen est 37 sur 60
Statistiques - réponses
Année Ville Champion % Correct
1976-1977 Cayenne AS Club colonial
100%
1977-1978 Cayenne AS Club colonial
100%
1978-1979 Cayenne AS Club colonial
100%
1990-1991 Cayenne AS Club colonial
100%
1991-1992 Cayenne AS Club colonial
100%
1995-1996 Cayenne AS Club colonial
100%
2014-2015 Cayenne CSC Cayenne
100%
1989-1990 Kourou SC Kouroucien
75%
1974-1975 Remire-Montjoly USL Montjoly
75%
1975-1976 Remire-Montjoly USL Montjoly
75%
1979-1980 Remire-Montjoly USL Montjoly
75%
1980-1981 Remire-Montjoly USL Montjoly
75%
1981-1982 Remire-Montjoly USL Montjoly
75%
2002-2003 Matoury US Matoury
75%
2010-2011 Matoury US Matoury
75%
2011-2012 Matoury US Matoury
75%
2013-2014 Matoury US Matoury
75%
2015-2016 Matoury US Matoury
75%
2016-2017 Matoury US Matoury
75%
1964-1965 Cayenne AJ Saint-Georges
50%
1982-1983 Cayenne AJ Saint-Georges
50%
1983-1984 Cayenne AJ Saint-Georges
50%
1998-1999 Cayenne AJ Saint-Georges
50%
1999-2000 Cayenne AJ Saint-Georges
50%
2001-2002 Cayenne AJ Saint-Georges
50%
2018-2019 Apatou ASC Agouado
50%
1984-1985 Kourou ASC Le Geldar
50%
1987-1988 Kourou ASC Le Geldar
50%
1988-1989 Kourou ASC Le Geldar
50%
2000-2001 Kourou ASC Le Geldar
50%
2003-2004 Kourou ASC Le Geldar
50%
2004-2005 Kourou ASC Le Geldar
50%
2005-2006 Matoury ASC Le Geldar
50%
2007-2008 Kourou ASC Le Geldar
50%
2008-2009 Kourou ASC Le Geldar
50%
2009-2010 Kourou ASC Le Geldar
50%
2012-2013 Kourou ASC Le Geldar
50%
2017-2018 Kourou ASC Le Geldar
50%
2022-2023 Matoury AS Étoile de Matoury
50%
2023-2024 Matoury AS Étoile de Matoury
50%
1994-1995 Mana AS Javouhey
50%
1997-1998 Mana AS Javouhey
50%
1963-1964 Cayenne ASL Le Sport guyanais
50%
1965-1966 Cayenne ASL Le Sport guyanais
50%
1966-1967 Cayenne ASL Le Sport guyanais
50%
1967-1968 Cayenne ASL Le Sport guyanais
50%
1968-1969 Cayenne ASL Le Sport guyanais
50%
1969-1970 Cayenne ASL Le Sport guyanais
50%
1970-1971 Cayenne ASL Le Sport guyanais
50%
1971-1972 Cayenne ASL Le Sport guyanais
50%
1972-1973 Cayenne ASL Le Sport guyanais
50%
1973-1974 Cayenne ASL Le Sport guyanais
50%
1985-1986 Cayenne ASL Le Sport guyanais
50%
2019-2020 Cayenne Olympique de Cayenne
50%
1962-1963 Cayenne Racing Club
50%
2006-2007 Macouria US Macouria
50%
1992-1993 Sinnamary US Sinnamary
50%
1993-1994 Sinnamary US Sinnamary
50%
1996-1997 Sinnamary US Sinnamary
50%
2024-2025 Sinnamary US Sinnamary
50%
Aucun quiz correspondant
Distribution des résultats
% des personnes avec chaque résultat
Percentile par nombre de réponses
Votre historique - résultats
Vous n’avez pas pris ce quiz